000 00730nam a2200229Ia 4500
999 _c43813
_d43813
001 10558
003 GE_BSU
005 20190604205101.0
008 181216s1994|||| |||||||||||||| ||eng||
020 _a052152931x
040 _cGE_BSU
080 _a811.111 M-96
100 _aMurphy,Raymond
_92087
245 _aEnglish grammar in use : A self study reference and practice book for intermediate students,with answers /
_cRaymond Murphy.
250 _aSecond Edition
264 _aCambridge :
_bCambridge University Press,
_c1994.
300 _a350 p .:
_c24 cm.
541 _h9gel.
653 _aEnglish grammar in use
653 _a ინგლისური ენის გრამატიკა
942 _cBK
_2udc